Giáo trình khoa học quản lý : Dùng cho hệ cử nhân chính trị

Gorde:
Xehetasun bibliografikoak
Erakunde egilea: Học viện chính trị quốc gia Hồ Chí Minh
Formatua: Liburua
Hizkuntza:Undetermined
Argitaratua: Hà Nội Chính trị Quốc gia 2002
Gaiak:
Etiketak: Etiketa erantsi
Etiketarik gabe, Izan zaitez lehena erregistro honi etiketa jartzen!
Thư viện lưu trữ: Trung tâm Học liệu Trường Đại học Cần Thơ
LEADER 00643nam a2200193Ia 4500
001 CTU_49141
008 210402s9999 xx 000 0 und d
082 |a 658 
082 |b H419 
110 |a Học viện chính trị quốc gia Hồ Chí Minh 
245 0 |a Giáo trình khoa học quản lý : 
245 0 |b Dùng cho hệ cử nhân chính trị 
245 0 |c Học viện chính trị quốc gia Hồ Chí Minh 
260 |a Hà Nội 
260 |b Chính trị Quốc gia 
260 |c 2002 
650 |a Management 
910 |a Huỳnh Mai 
980 |a Trung tâm Học liệu Trường Đại học Cần Thơ